000 00669nam a2200217 4500
001 110364
003 ES-MaACL
005 20240601063024.0
007 t|
008 061121s1964 sp r ||||1| spa d
100 1 _aMolina Campos, Enrique.
_981917
245 1 0 _aSiete cartas de juventud y una elegía /
_cMolina Campos, Enrique.
260 _aPalencia :
_b[s. n.],
_c1964 (
_fImp. Merino)
300 _a45 p. ;
_c22 cm.
490 1 _aColección Rocamador ;
_v46
500 _aPremio Rocamador de Poesía 1964.
830 0 0 _aRocamador (Serie) ;
_v46
_9236737
852 _aES-MaACL
_j2089-F-25
_bR.89041
942 _2udc
999 _c110364
_d110364